House of the Dragon: Which Dragon do they Ride? - Statistics

General Stats
  • This quiz has been taken 62 times
  • The average score is 10 of 13
Answer Stats
Rider Dragon % Correct
Daemon Targaryen Caraxes
94%
Aemond Targaryen Vhagar
94%
Aegon II Targaryen Sunfyre
90%
Rhaenys Targaryen Meleys
85%
Rhaenyra Targaryen Syrax
83%
Hugh Hammer Vermithor
83%
Helaena Targaryen Dreamfyre
79%
Laenor Velaryon Seasmoke
77%
Lucerys Velaryon Arrax
71%
Jacaerys Velaryon Vermax
69%
Baela Targaryen Moondancer
65%
Ulf the White Silverwing
62%
Joffrey Velaryon Tyraxes
48%
No matching quizzes found
Score Distribution
Percent of People with Each Score
Percentile by Number Answered
Your Score History
You have not taken this quiz